| 000 | 00560nam a2200205Ia 4500 | ||
|---|---|---|---|
| 003 | OSt | ||
| 005 | 20220128151453.0 | ||
| 008 | 210716s2002 xx 000 0 und d | ||
| 020 | _a8178810417 | ||
| 040 | _cAIMIT LIBRARY | ||
| 041 | _aeng | ||
| 082 |
_a332.17 _21 _bGANS |
||
| 245 |
_aBanking and financial services / _cEdited by Senthil Ganesan. |
||
| 250 | _a1st ed. | ||
| 260 |
_aHyderbad: _bICFAI University Press, _c2004 |
||
| 300 |
_axxxi,164p.; _c23cm. |
||
| 650 |
_aCiticorp _915088 |
||
| 650 |
_aICICI _915089 |
||
| 942 |
_2ddc _cBK _e1st _k332.17 GANS |
||
| 999 |
_c202448 _d202448 |
||